000 002740000a22000970004500
100 1 _aSkousen, Mark
245 1 0 _aNew keynesians finally reject keynes's "general" theory
300 _aVol. 46, Num. 9 (Septiembre, 1996), Páginas 639-641
773 0 _tThe Freeman
942 _cANA
999 _c56449
_d56449